000 00450nam a2200157 a 4500
005 20140312104222.0
008 140312b2003 ck ||||| |||| 00| 0 spa d
041 _aspa
044 _ack
090 _aLB
_b03457
110 _bCorporación Autónoma Regional del Centro de Antioquia, Corantioquia
_920375
245 _aPráctica agroforestal
_bel agro-silvopastoreo
260 _aMedellín
_bCorantioquia
_c2003
300 _a12 p.
942 _cImpreso
_2z
999 _c3683
_d3683